[Event "London Classic Open 2015"]
[Site "London ENG"]
[Date "2015.12.11"]
[Round "9.51"]
[White "Kalavannan, Koby"]
[Black "Roe, Simon J"]
[Result "1/2-1/2"]
[WhiteElo "2088"]
[BlackElo "2254"]
[WhiteFideId "425753"]
[BlackFideId "401471"]
[EventDate "2015.12.04"]

1. d4 d5 2. Nf3 Nf6 3. c4 dxc4 4. e3 Bg4 5. Bxc4 e6 6. Nc3 a6 7. e4 Nc6 8. Be3
Bb4 9. Qd3 Bxf3 10. gxf3 e5 11. d5 Ne7 12. O-O-O Ng6 13. Ne2 Bd6 14. Ng3 b5 15.
Bb3 Nf4 16. Bxf4 exf4 17. Nf5 g6 18. Nd4 Nd7 19. Nc6 Qf6 20. Qc3 Qxc3+ 21. bxc3
Ne5 22. Nxe5 Bxe5 23. c4 bxc4 24. Bxc4 Ke7 25. Kd2 Rhb8 1/2-1/2

[Event "London Classic Open 2015"]
[Site "London ENG"]
[Date "2015.12.11"]
[Round "9.52"]
[White "Fraser-Mitchell, Jeremy N"]
[Black "Merriman, John"]
[Result "0-1"]
[WhiteElo "2062"]
[BlackElo "2253"]
[WhiteFideId "405000"]
[BlackFideId "402362"]
[EventDate "2015.12.04"]

1. d4 e6 2. c4 d5 3. Nc3 Be7 4. Nf3 Nf6 5. cxd5 exd5 6. Bg5 c6 7. e3 Bf5 8. Qb3
Qb6 9. Ne5 Qxb3 10. axb3 Nbd7 11. Nxd7 Kxd7 12. Kd2 h6 13. Bxf6 Bxf6 14. Bd3 Be6
15. Rhc1 Be7 16. Ke2 g5 17. Na4 b6 18. Rc2 Bd6 19. h3 Rac8 20. Nc3 Rc7 21. Ra4
Ra8 22. Rc1 f5 23. Nb1 f4 24. Nd2 Re8 25. Ra6 Kc8 26. Bg6 Rg8 27. Bd3 Kb8 28. e4
dxe4 29. Bxe4 Re8 30. Ra4 Bxb3 31. Nxb3 Rxe4+ 32. Kf3 Re6 33. Rxc6 Rxc6 34. d5
Re5 35. dxc6 Rb5 36. Nd4 Rxb2 37. Nf5 Bc5 38. g3 Rxf2+ 39. Ke4 fxg3 40. c7+ Kxc7
41. Rxa7+ Kc6 42. Nxg3 Rf4+ 43. Ke5 Rh4 0-1

[Event "London Classic Open 2015"]
[Site "London ENG"]
[Date "2015.12.11"]
[Round "9.53"]
[White "Myall, Ivan J"]
[Black "Lyell, Mark"]
[Result "0-1"]
[BlackTitle "FM"]
[WhiteElo "2048"]
[BlackElo "2228"]
[WhiteFideId "425168"]
[BlackFideId "402354"]
[EventDate "2015.12.04"]

1. e4 e5 2. Nc3 Nf6 3. Bc4 Bc5 4. d3 O-O 5. f4 exf4 6. Bxf4 c6 7. Bb3 d5 8. d4
Bb4 9. e5 Ne4 10. Qf3 g5 11. Bd2 Nxd2 12. Kxd2 f6 13. Qg3 fxe5 14. Nf3 exd4 15.
Nxd4 Qf6 16. Ne2 Bf5 17. Raf1 Nd7 18. Kc1 Rae8 19. Qc7 Qd6 20. Qxd6 Bxd6 21. Nd4
Bg6 22. Nf3 Nc5 23. Kb1 g4 24. Nh4 Rxf1+ 25. Rxf1 Ne4 26. Nxe4 Bxe4 27. g3 Rf8
28. Re1 Rf2 29. Kc1 Kh8 30. c4 Bb4 31. Rd1 Be7 32. Rg1 d4 0-1

[Event "London Classic Open 2015"]
[Site "London ENG"]
[Date "2015.12.11"]
[Round "9.54"]
[White "Semprun Martinez, Fernando"]
[Black "Foord, Dominic"]
[Result "1-0"]
[WhiteElo "2200"]
[BlackElo "2075"]
[WhiteFideId "2203170"]
[BlackFideId "415391"]
[EventDate "2015.12.04"]

1. e4 e5 2. Nf3 Nc6 3. d4 exd4 4. Nxd4 Bc5 5. Nb3 Bb6 6. Qe2 Nge7 7. Nc3 O-O 8.
Bg5 Qe8 9. O-O-O d6 10. f3 a5 11. a3 a4 12. Nd2 Nd4 13. Qe1 Be6 14. Nc4 Bc5 15.
Ne3 c6 16. f4 f6 17. Bh4 b5 18. Bf2 Qb8 19. f5 Bf7 20. Ng4 Qb6 21. Qd2 Bh5 22.
Bxd4 Bxg4 23. Be2 Bxe2 24. Nxe2 d5 25. exd5 Nxd5 26. Bxc5 Qxc5 27. Qd4 Qd6 28.
Nc3 Rad8 29. Nxd5 cxd5 30. g3 Rfe8 31. Rhe1 Re5 32. Rf1 Qd7 33. g4 Qe7 34. Rf4
Rc8 35. c3 h6 36. Qd3 Rc5 37. Rd4 Kh7 38. Qf1 Re2 39. R4d2 1-0

[Event "London Classic Open 2015"]
[Site "London ENG"]
[Date "2015.12.11"]
[Round "9.55"]
[White "Feldman, Antony"]
[Black "Guthrie, David"]
[Result "1-0"]
[WhiteElo "2024"]
[BlackElo "2198"]
[WhiteFideId "2804565"]
[BlackFideId "4300505"]
[EventDate "2015.12.04"]

1. Nf3 Nf6 2. g3 g6 3. Bg2 Bg7 4. O-O O-O 5. c4 d6 6. Nc3 Nc6 7. Rb1 a5 8. d3 e5
9. a3 h6 10. b4 axb4 11. axb4 Be6 12. Qb3 Qd7 13. Re1 Rfe8 14. Bb2 Ne7 15. Ra1
c6 16. Qc2 Bh3 17. Bh1 Nf5 18. Na4 Qc7 19. e4 Ne7 20. c5 Nd7 21. Bg2 Be6 22.
cxd6 Qxd6 23. Nc5 Nxc5 24. Qxc5 Qxc5 25. bxc5 f6 26. Nd2 Red8 27. Bf1 h5 28. Bc3
Rdb8 29. Reb1 Rxa1 30. Rxa1 Bf8 31. d4 exd4 32. Bxd4 Rd8 33. Be3 f5 34. Rb1 Rd7
35. Bh3 Kf7 36. Nf3 Kf6 37. Bd4+ 1-0

[Event "London Classic Open 2015"]
[Site "London ENG"]
[Date "2015.12.11"]
[Round "9.56"]
[White "Juknis, Paulius"]
[Black "Guo, Emma"]
[Result "1/2-1/2"]
[BlackTitle "WIM"]
[WhiteElo "2192"]
[BlackElo "2050"]
[WhiteFideId "12802247"]
[BlackFideId "3200795"]
[EventDate "2015.12.04"]

1. c4 g6 2. g3 Bg7 3. Bg2 c5 4. Nc3 Nc6 5. Nf3 Nf6 6. d4 cxd4 7. Nxd4 O-O 8. O-O
Nxd4 9. Qxd4 d6 10. Qd3 Bf5 11. e4 Be6 12. b3 Qa5 13. Bd2 Qh5 14. f3 Nd7 15.
Rae1 Ne5 16. Qe2 Nc6 17. Nd5 Rad8 18. Kh1 Rd7 19. Qd1 g5 20. Qc1 Ne5 21. Qd1 h6
22. Ne3 Bh3 23. g4 Bxg2+ 24. Kxg2 Qg6 25. Qe2 e6 26. Rd1 Qf6 27. Be1 Ng6 28. Bg3
Nf4+ 29. Bxf4 Qxf4 30. Rh1 Be5 31. Qd2 b6 32. Nc2 Qxd2+ 33. Rxd2 a5 34. a4 Rfd8
35. Rhd1 Kf8 36. Na3 Ke7 37. h3 1/2-1/2

[Event "London Classic Open 2015"]
[Site "London ENG"]
[Date "2015.12.11"]
[Round "9.57"]
[White "Player, Edmund C"]
[Black "Bullen, Alex"]
[Result "1-0"]
[WhiteElo "2183"]
[BlackElo "2026"]
[WhiteFideId "406520"]
[BlackFideId "1801627"]
[EventDate "2015.12.04"]

1. e4 c6 2. d4 d5 3. Nc3 dxe4 4. Nxe4 Bf5 5. Ng3 Bg6 6. h4 h6 7. h5 Bh7 8. Nf3
Nd7 9. Bd3 Bxd3 10. Qxd3 e6 11. Bf4 Qa5+ 12. Bd2 Bb4 13. c3 Be7 14. Bf4 Ngf6 15.
a3 Nd5 16. Bd2 Qc7 17. Ne2 Bd6 18. Rh4 N5f6 19. Kf1 O-O-O 20. Re1 Rhe8 21. c4 e5
22. Ng3 exd4 23. Nf5 Rxe1+ 24. Bxe1 Ne5 25. Nxe5 Bxe5 26. Nxg7 Rg8 27. Nf5 Bf4
28. Qxd4 Bg5 29. Rh3 Kb8 30. Qd6 Rd8 31. Qxc7+ Kxc7 32. Ke2 Re8+ 33. Ne3 b5 34.
cxb5 cxb5 35. Rf3 Nxh5 36. Rxf7+ Kb6 37. Kf3 Re6 38. Bc3 a6 39. g4 Nf6 40. Bxf6
Bxf6 41. Nd5+ Kc5 42. Nxf6 Kc4 43. Ne4 1-0

[Event "London Classic Open 2015"]
[Site "London ENG"]
[Date "2015.12.11"]
[Round "9.58"]
[White "Marzano, Carlo"]
[Black "Falkowski, Dawid"]
[Result "1-0"]
[WhiteElo "2177"]
[BlackElo "1998"]
[WhiteFideId "802980"]
[BlackFideId "1139142"]
[EventDate "2015.12.04"]

1. d4 Nf6 2. Nf3 c5 3. d5 e6 4. c4 exd5 5. cxd5 d6 6. Nc3 g6 7. Nd2 b5 8. Nxb5
Nxd5 9. Nc4 Bb7 10. e4 a6 11. Nbxd6+ Bxd6 12. Nxd6+ Qxd6 13. Bc4 Nd7 14. Bxd5
Bxd5 15. Qxd5 Qxd5 16. exd5 Ne5 17. O-O Kd7 18. Rd1 f6 19. b3 Rab8 20. Bb2 Kd6
21. Rac1 Rhe8 22. Kf1 Rb4 23. h3 a5 24. Rc3 Rd4 25. Re1 Rd2 26. Bc1 Rxa2 27. f4 1-0

[Event "London Classic Open 2015"]
[Site "London ENG"]
[Date "2015.12.11"]
[Round "9.59"]
[White "Mogilarov, Dimitar"]
[Black "Roque Sola, Jose Luis"]
[Result "1-0"]
[BlackTitle "CM"]
[WhiteElo "2168"]
[BlackElo "1992"]
[WhiteFideId "2905248"]
[BlackFideId "5120390"]
[EventDate "2015.12.04"]

1. e4 e6 2. d3 d5 3. Nd2 Nf6 4. Ngf3 c5 5. g3 Nc6 6. Bg2 Be7 7. O-O O-O 8. e5
Nd7 9. Re1 Qc7 10. Qe2 b6 11. Nf1 Ba6 12. Bf4 Rac8 13. h4 Rfe8 14. N1h2 Qb7 15.
Ng5 Bxg5 16. hxg5 c4 17. Qh5 Nf8 18. Ng4 cxd3 19. Nf6+ Kh8 20. c3 gxf6 21. gxf6
Ng6 22. Bd2 Rg8 23. Bf3 Qc7 24. Kg2 Nf8 25. Bg4 d4 26. Rh1 Qxe5 27. Qxh7+ Nxh7
28. Rxh7+ Kxh7 29. Rh1+ 1-0

[Event "London Classic Open 2015"]
[Site "London ENG"]
[Date "2015.12.11"]
[Round "9.60"]
[White "Mitra, Roman C"]
[Black "Wecker, Martin"]
[Result "1-0"]
[WhiteElo "2023"]
[BlackElo "2161"]
[WhiteFideId "419540"]
[BlackFideId "12931462"]
[EventDate "2015.12.04"]

1. e4 c5 2. Nf3 e6 3. c4 Nc6 4. Nc3 e5 5. g3 d6 6. Bg2 Be7 7. O-O f5 8. d3 Nf6
9. Ne1 O-O 10. f4 fxe4 11. dxe4 Bg4 12. Qd2 Qd7 13. f5 Nd4 14. Nc2 Bh5 15. h3
Bf7 16. b3 a6 17. Qd3 Rab8 18. g4 b5 19. g5 bxc4 20. bxc4 Nh5 21. Na3 Bd8 22.
Rf2 Ba5 23. Bf1 g6 24. f6 Bxc3 25. Qxc3 Be6 26. Kh2 Qc6 27. Qd3 Rf7 28. Be2 Rfb7
29. Nc2 Bf7 30. Bxh5 gxh5 31. Ne3 Qa4 32. Nd5 Bg6 33. Ba3 Kf7 34. Re1 Qd7 35.
Ne7 Ne6 36. Qd5 Kf8 37. Rd1 Rb6 38. Bxc5 Rb2 39. Rdd2 Bf7 40. Rxb2 Rd8 41. Rb7
Qa4 42. Bxd6 Nxg5 43. Qxe5 Qxc4 44. Nd5+ 1-0

[Event "London Classic Open 2015"]
[Site "London ENG"]
[Date "2015.12.11"]
[Round "9.61"]
[White "Millward, Kevin P"]
[Black "Bates, Caspar J"]
[Result "0-1"]
[WhiteElo "1980"]
[BlackElo "2154"]
[WhiteFideId "404721"]
[BlackFideId "414760"]
[EventDate "2015.12.04"]

1. d4 Nf6 2. Bf4 e6 3. Nf3 b6 4. e3 Bb7 5. Bd3 d5 6. Nbd2 Nbd7 7. Ne5 Nxe5 8.
Bxe5 Bd6 9. Nf3 O-O 10. O-O Ne4 11. Qe2 f6 12. Bxd6 cxd6 13. Ba6 Qc8 14. Bxb7
Qxb7 15. Nd2 Rac8 16. f3 Nxd2 17. Qxd2 Qa6 18. Qd3 Qxd3 19. cxd3 Rc2 20. Rf2
Rfc8 21. Raf1 Kf7 22. Rxc2 Rxc2 23. Rf2 Rc7 24. Rd2 a5 25. Kf2 Rc1 26. Ke2 Rh1
27. Rc2 Rb1 28. Kd2 Kg6 29. a4 h5 30. Ke2 h4 31. Kf2 Rd1 32. Ke2 Rh1 33. Kf2 h3
34. Rd2 Rxh2 35. Kg1 Rxg2+ 36. Rxg2+ hxg2 37. Kxg2 e5 38. dxe5 dxe5 39. Kg3 Kg5
40. Kh3 d4 41. exd4 exd4 42. Kg3 Kf5 43. f4 g5 44. Kf3 gxf4 45. b3 Kg5 46. Ke4
Kg4 47. Kxd4 f3 48. Ke3 Kg3 49. d4 f2 0-1

[Event "London Classic Open 2015"]
[Site "London ENG"]
[Date "2015.12.11"]
[Round "9.62"]
[White "Sielicki, Tomasz"]
[Black "Willmoth, Robert F"]
[Result "1/2-1/2"]
[BlackTitle "CM"]
[WhiteElo "1948"]
[BlackElo "2150"]
[WhiteFideId "1111400"]
[BlackFideId "402540"]
[EventDate "2015.12.04"]

1. d4 d6 2. e4 Nf6 3. Nc3 c6 4. f4 Qa5 5. e5 Ne4 6. Qf3 d5 7. Bd3 Na6 8. Ne2 Nb4
9. O-O Nxd3 10. cxd3 Nxc3 11. bxc3 g6 12. a4 h5 13. h3 h4 14. Ba3 Bf5 15. Bb4
Qa6 16. Rfd1 e6 17. Qe3 Bxb4 18. cxb4 Qb6 19. Rab1 Qd8 20. Kh2 g5 21. fxg5 Rg8
22. Ng1 Qxg5 23. Qxg5 Rxg5 24. Nf3 Rh5 25. b5 cxb5 26. Rxb5 O-O-O 27. Rc1+ Kb8
28. Rc3 Rd7 29. a5 Rh8 30. Rbc5 a6 31. Kg1 Bg6 32. Kf2 Rdd8 33. Ke3 Rh6 34. Rc7
Rg8 35. Re7 Rc8 36. Rb3 Rc7 37. Re8+ Ka7 38. Rb6 Bf5 39. Rd6 Rg6 40. Rdd8 b5 41.
Ra8+ Kb7 42. Reb8+ Kc6 43. Nxh4 Rg3+ 44. Kf4 Rxd3 45. Nxf5 exf5 46. Rxa6+ Kd7
47. Rd6+ Ke7 48. Rxd5 Rc2 49. Rb7+ Kf8 50. Kxf5 Rxg2 51. Ke4 Rgg3 52. Rdxb5 Ra3
53. Kd5 Rxh3 54. Rc5 Ra4 55. Rbb5 Rha3 56. Rc8+ Kg7 57. Rc4 Rxa5 58. Rxa5 Rxa5+
59. Kd6 Kg6 60. Rc7 Ra4 61. d5 Ra6+ 62. Rc6 Ra7 63. e6 Kf6 64. exf7 Rxf7 65. Rc7
Rf8 66. Kd7 Ke5 67. Ke7 Rh8 68. d6 Rh7+ 69. Kd8 Rh6 70. Ke7 Rxd6 71. Rc5+ Rd5
72. Rxd5+ Kxd5 1/2-1/2

[Event "London Classic Open 2015"]
[Site "London ENG"]
[Date "2015.12.11"]
[Round "9.63"]
[White "Vanheirzeele, Daniel"]
[Black "Calvert, D Ian"]
[Result "1/2-1/2"]
[WhiteElo "2138"]
[BlackElo "1984"]
[WhiteFideId "200425"]
[BlackFideId "406368"]
[EventDate "2015.12.04"]

1. d4 d5 2. c4 c6 3. Nf3 Nf6 4. Nc3 dxc4 5. a4 Bf5 6. Ne5 Nbd7 7. Nxc4 Nb6 8.
Ne5 a5 9. f3 Nfd7 10. Nxd7 Nxd7 11. e4 Bg6 12. Be3 Qb6 13. Qd2 e5 14. d5 Bc5 15.
dxc6 bxc6 16. Bxc5 Qxc5 17. Rc1 Qb4 18. Nd1 O-O 19. Qxb4 axb4 20. b3 Rfc8 21.
Ne3 Nb6 22. Nc4 Nxc4 23. Bxc4 Kf8 24. Kf2 Ke7 25. Rc2 f6 26. Rhc1 Be8 27. g3 Rd8
28. Ke2 Rd4 29. Rd2 Rxd2+ 30. Kxd2 Kd6 31. Ke3 g5 32. Bg8 Bg6 33. Rxc6+ Kxc6 34.
Bd5+ Kc5 35. Bxa8 f5 36. Kd3 f4 37. gxf4 gxf4 38. Bd5 Bh5 39. Ke2 Be8 40. Kf2
Bd7 41. Ke2 Bh3 42. Bc4 h6 43. a5 Bc8 44. Kd2 Bh3 45. Kc2 Bg2 46. Be2 Bh3 47.
Kd1 1/2-1/2

[Event "London Classic Open 2015"]
[Site "London ENG"]
[Date "2015.12.11"]
[Round "9.65"]
[White "Disu, Kayode"]
[Black "Heuser, Philip"]
[Result "1/2-1/2"]
[WhiteElo "1910"]
[BlackElo "2119"]
[WhiteFideId "432849"]
[BlackFideId "4654358"]
[EventDate "2015.12.04"]

1. e4 c6 2. d4 d5 3. exd5 cxd5 4. Bd3 Nc6 5. c3 Qc7 6. Nd2 Nf6 7. Ngf3 Bg4 8.
O-O e6 9. Re1 Bd6 10. Nf1 Bh5 11. Bg5 Bg6 12. Bh4 Ne4 13. Ng5 Nxg5 14. Bxg5 O-O
15. Bxg6 hxg6 16. Qg4 Be7 17. Bf4 Bd6 18. Bxd6 Qxd6 19. Re3 Ne7 20. h4 Nf5 21.
Rh3 Nh6 22. Qf3 Qe7 23. Ne3 Qf6 24. Qe2 Rfe8 25. Re1 Rad8 26. h5 e5 27. hxg6
Qxg6 28. dxe5 Rxe5 29. Rd1 Qb6 30. Qd2 Qe6 31. Rh4 Nf5 32. Nxf5 Qxf5 33. g3 Rde8
34. Rf4 Qh3 35. Rh4 Qf5 36. Rf4 Qh3 37. Rh4 Qf5 1/2-1/2

[Event "London Classic Open 2015"]
[Site "London ENG"]
[Date "2015.12.11"]
[Round "9.66"]
[White "Hebbes, Tim"]
[Black "Rice, Chris B"]
[Result "0-1"]
[WhiteElo "2112"]
[BlackElo "1956"]
[WhiteFideId "406570"]
[BlackFideId "404446"]
[EventDate "2015.12.04"]

1. Nf3 d5 2. c4 e6 3. g3 c6 4. Bg2 Nd7 5. d3 Ngf6 6. O-O Bd6 7. Nc3 O-O 8. e4
dxc4 9. dxc4 Qe7 10. Bg5 e5 11. a3 a5 12. Qc2 Re8 13. Rad1 Bc7 14. h3 Nf8 15.
Be3 Ne6 16. Kh2 h5 17. Na4 c5 18. Nh4 g6 19. Nc3 Nd4 20. Qc1 Nb3 21. Qb1 Be6 22.
Nd5 Bxd5 23. cxd5 Bd6 24. Bg5 Ng4+ 25. hxg4 Qxg5 26. gxh5 Nd2 27. Rxd2 Qxd2 28.
hxg6 fxg6 29. Nxg6 Qh6+ 30. Nh4 Be7 31. Qc1 Qxc1 32. Rxc1 Bxh4 33. gxh4 b6 34.
d6 Rf8 35. Kg3 Rf4 36. d7 Kf7 37. f3 Rg8+ 38. Kf2 Rxh4 39. Bf1 Ke7 40. Bc4 Rh2+
41. Ke3 Rd8 42. b3 Rxd7 43. a4 Rdd2 44. Rg1 Rc2 45. Kd3 Rhd2+ 46. Ke3 Rg2 47.
Rxg2 Rxg2 48. Be2 Kf6 49. Bc4 Kg5 50. Bf1 Rh2 51. Bc4 Kh4 52. Be6 Kg3 53. Bg4
Rc2 54. Kd3 Rc1 55. Bh5 Kf4 56. Bg4 Rd1+ 57. Kc4 Rd4+ 58. Kc3 Ke3 59. Bh5 Rb4
60. Bg4 c4 61. bxc4 Rxa4 62. Kb3 Rb4+ 63. Kc3 Ra4 64. Kb3 Ra1 65. Bh5 Kd4 66.
Bf7 Rc1 67. Ka4 Rxc4+ 68. Kb5 Rb4+ 69. Kc6 Ke3 70. Bh5 a4 71. Kd6 Kf4 0-1

[Event "London Classic Open 2015"]
[Site "London ENG"]
[Date "2015.12.11"]
[Round "9.67"]
[White "Moran, Stephen"]
[Black "Grigoryan, Meri"]
[Result "1/2-1/2"]
[BlackTitle "WFM"]
[WhiteElo "2127"]
[BlackElo "1983"]
[WhiteFideId "2501872"]
[BlackFideId "13300571"]
[EventDate "2015.12.04"]

1. d4 d5 2. c4 c6 3. Nf3 Nf6 4. Nc3 Bf5 5. cxd5 Nxd5 6. Qb3 Nxc3 7. bxc3 Qb6 8.
Ba3 Nd7 9. e3 Qxb3 10. axb3 a5 11. Be2 e6 12. O-O b6 13. Nd2 Bxa3 14. Rxa3 Ke7
15. h4 f6 16. Nc4 e5 17. dxe5 fxe5 18. Rfa1 Rac8 19. b4 axb4 20. cxb4 Rc7 21.
Ra6 Rb8 22. Rd1 Be6 23. Nd2 Nf6 24. Rc1 Nd5 25. Nc4 Kf6 26. g4 h6 27. g5+ hxg5
28. hxg5+ Kxg5 29. Nxe5 Nxb4 30. Ra4 Kf6 31. f4 Nd5 32. Kf2 Rbc8 33. Rg1 Bf5 34.
Ra6 Rh8 35. Rg2 Be4 36. Bf3 Bxf3 37. Rg6+ Kf5 38. Rg5+ Ke6 39. Rg6+ Nf6 40. Kxf3
Rh3+ 41. Ke2 Rh2+ 42. Kd3 Kd5 43. Rxb6 Ne4 44. Nc4 Nc5+ 45. Kc3 Na4+ 46. Kb4
Nxb6 47. Nxb6+ Ke4 48. Re6+ Kd3 49. Kc5 Rc2+ 50. Kd6 Rf7 51. Nd7 Ke2 52. Ne5 Rf6
53. f5 Rxf5 54. Nxc6 Rd2+ 55. Ke7 g5 56. Nd4+ Rxd4 57. exd4+ Kf3 58. Re5 Rxe5+
59. dxe5 g4 60. e6 1/2-1/2

[Event "London Classic Open 2015"]
[Site "London ENG"]
[Date "2015.12.11"]
[Round "9.68"]
[White "Britton, Richard L"]
[Black "Krokay, Urszula"]
[Result "1-0"]
[WhiteTitle "FM"]
[WhiteElo "2238"]
[BlackElo "2009"]
[WhiteFideId "401692"]
[BlackFideId "1125508"]
[EventDate "2015.12.04"]

1. e4 e5 2. Nf3 Nc6 3. Bb5 a6 4. Ba4 Nf6 5. O-O Be7 6. Re1 b5 7. Bb3 O-O 8. c3
d5 9. exd5 Nxd5 10. Nxe5 Nxe5 11. Rxe5 c6 12. d4 Bd6 13. Re1 Qh4 14. g3 Qh3 15.
Be3 Bg4 16. Qd3 Qh5 17. Nd2 Rae8 18. Bd1 Nxe3 19. fxe3 f5 20. Bxg4 Qxg4 21. e4
f4 22. e5 Be7 23. Re4 Rf5 24. Rf1 Ref8 25. Rf3 h5 26. Qf1 Qg6 27. Rexf4 Rxf4 28.
Rxf4 Rxf4 29. Qxf4 Bg5 30. Qe4 Qe6 31. Nf3 Be7 32. b3 Qh6 33. Kg2 Qc1 34. Qd3
Qb2+ 35. Qd2 Qb1 36. h4 Qe4 37. Kf2 a5 38. c4 bxc4 39. bxc4 a4 40. Kg2 a3 41.
Kf2 c5 42. Qe2 Qxe2+ 43. Kxe2 cxd4 44. Kd3 Bc5 45. Nxd4 Kf7 46. Ke4 g6 47. Kd5
Bb4 48. c5 Ke8 49. c6 Kd8 50. Nb5 Kc8 51. e6 Be7 52. Nd6+ Kd8 53. Nf7+ Kc7 54.
Ne5 g5 55. Ng6 gxh4 56. gxh4 1-0

[Event "London Classic Open 2015"]
[Site "London ENG"]
[Date "2015.12.11"]
[Round "9.69"]
[White "Rozycki, Bartlomiej"]
[Black "Van De Perre, Tom"]
[Result "1/2-1/2"]
[WhiteElo "2231"]
[BlackElo "2042"]
[WhiteFideId "1106996"]
[BlackFideId "209040"]
[EventDate "2015.12.04"]

1. d4 d5 2. c4 c6 3. Nf3 Nf6 4. e3 Bf5 5. Nc3 e6 6. Nh4 Be4 7. Nxe4 dxe4 8. g3
Nbd7 9. f4 h6 10. Bd2 Be7 11. Bc3 g5 12. Ng2 Qc7 13. Qa4 Rg8 14. Be2 a6 15.
O-O-O Qc8 16. c5 Nd5 17. Ba5 f5 18. Bh5+ Kf8 19. fxg5 hxg5 20. Rdf1 g4 21. h3
gxh3 22. Rxh3 N7f6 23. Qd1 Nxh5 24. Qxh5 Nf6 25. Qh6+ Ke8 26. Nf4 Kd7 27. Ng6
Qe8 28. Ne5+ Kc8 29. Nc4 b5 30. Nb6+ Kb7 31. Nxa8 Kxa8 32. Bb6 Qd7 33. Kd2 Kb7
34. Rfh1 e5 35. Kc1 exd4 36. exd4 Ng4 37. Qh7 Nf6 38. Qf7 Rf8 39. Qg7 Rg8 40.
Qf7 1/2-1/2

[Event "London Classic Open 2015"]
[Site "London ENG"]
[Date "2015.12.11"]
[Round "9.70"]
[White "Staples, Daniel J"]
[Black "Harley, Andrew D"]
[Result "0-1"]
[BlackTitle "FM"]
[WhiteElo "1994"]
[BlackElo "2226"]
[WhiteFideId "417211"]
[BlackFideId "401390"]
[EventDate "2015.12.04"]

1. d4 e6 2. Nf3 Nf6 3. e3 b6 4. Nbd2 Bb7 5. Bd3 c5 6. O-O cxd4 7. exd4 Be7 8. c3
O-O 9. Re1 d6 10. Nf1 Nbd7 11. Ng3 Re8 12. Bg5 Qc7 13. Qe2 a6 14. a4 h6 15. Bd2
Bf8 16. Ne4 Nxe4 17. Bxe4 Nf6 18. Bd3 e5 19. dxe5 dxe5 20. Nxe5 Bd6 21. f4 Nd7
22. Qh5 Nxe5 23. fxe5 Bxe5 24. Be3 Qc6 25. Bf1 Re6 26. Bf2 Rae8 27. Qh3 Bd6 28.
Rxe6 Rxe6 29. a5 Bc5 30. b4 Bxf2+ 31. Kxf2 bxa5 32. Kg1 axb4 33. cxb4 Qb6+ 34.
Kh1 Qxb4 35. Qd3 Rd6 36. Qb1 Qxb1 37. Rxb1 Be4 38. Re1 Bc6 39. Kg1 Bb5 40. Bxb5
axb5 41. Re8+ Kh7 42. Rb8 Rd5 43. Rb6 Rf5 44. g3 h5 45. Kg2 g6 46. h4 Kg7 47.
Kh3 Kf8 48. Rb7 Ke8 49. Kg2 Kd8 50. Kh3 Kc8 51. Re7 b4 52. Re3 Rb5 0-1

[Event "London Classic Open 2015"]
[Site "London ENG"]
[Date "2015.12.11"]
[Round "9.71"]
[White "Ettu, Kore"]
[Black "Motycakova, Monika"]
[Result "0-1"]
[BlackTitle "WFM"]
[WhiteElo "1816"]
[BlackElo "2185"]
[WhiteFideId "439932"]
[BlackFideId "14909626"]
[EventDate "2015.12.04"]

1. e4 e5 2. Nf3 Nc6 3. Bb5 Nf6 4. d3 Bc5 5. Nc3 a6 6. Bc4 h6 7. a4 d6 8. h3 Be6
9. Qe2 Nd4 10. Nxd4 Bxd4 11. Nd1 c6 12. c3 Bb6 13. Ne3 d5 14. exd5 cxd5 15. Ba2
Qd7 16. Bb3 O-O 17. a5 Bc7 18. Ba4 Qd6 19. b4 d4 20. Nc4 Bxc4 21. dxc4 dxc3 22.
c5 Qd4 23. Rb1 Bxa5 24. Be3 c2 25. Bxc2 Bxb4+ 26. Kf1 Qc3 27. Rb3 Qa1+ 28. Rb1
Qa5 29. Qc4 Bd2 30. Rxb7 Bxe3 31. fxe3 Qd2 32. Bb3 Qxe3 33. Rxf7 Rxf7 34. Qxf7+
Kh8 35. g3 Rd8 36. Rh2 Qc1+ 0-1

[Event "London Classic Open 2015"]
[Site "London ENG"]
[Date "2015.12.11"]
[Round "9.73"]
[White "Seymour, Timothy P"]
[Black "Riedener, Toni"]
[Result "1-0"]
[WhiteElo "2080"]
[BlackElo "2005"]
[WhiteFideId "412112"]
[BlackFideId "1302698"]
[EventDate "2015.12.04"]

1. e4 c5 2. c3 Nf6 3. e5 Nd5 4. Nf3 Nc6 5. Bc4 Nb6 6. Bb3 d5 7. exd6 Qxd6 8. Na3
a6 9. O-O Bf5 10. d4 cxd4 11. Nxd4 Nxd4 12. cxd4 e6 13. Qf3 Qc6 14. Qxc6+ bxc6
15. Bd2 a5 16. Rac1 Kd7 17. Rfe1 Bd6 18. Nc4 Nxc4 19. Rxc4 Bd3 20. Rc3 Bb5 21.
Rf3 Rhf8 22. a4 Ba6 23. Bxa5 Bb5 24. axb5 Rxa5 25. bxc6+ Kxc6 26. g3 e5 27. dxe5
Bxe5 28. Bxf7 Bf6 29. Be8+ Kc5 30. Rf5+ 1-0

[Event "London Classic Open 2015"]
[Site "London ENG"]
[Date "2015.12.11"]
[Round "9.74"]
[White "Gupta, Arul"]
[Black "Roque Sola, Gisela"]
[Result "1/2-1/2"]
[BlackTitle "WFM"]
[WhiteElo "2063"]
[BlackElo "1983"]
[WhiteFideId "422622"]
[BlackFideId "5120241"]
[EventDate "2015.12.04"]

1. e4 e6 2. d4 d5 3. Nd2 c5 4. Ngf3 Nc6 5. exd5 Qxd5 6. Bc4 Qd8 7. Nb3 cxd4 8.
O-O Nf6 9. Nbxd4 Nxd4 10. Nxd4 a6 11. Re1 Be7 12. c3 O-O 13. Qf3 Qc7 14. Bd3 Bd6
15. h4 b5 16. Bg5 Bb7 17. Qe2 Qc5 18. Bxf6 gxf6 19. Nb3 Qc7 20. Qh5 f5 21. Bxf5
exf5 22. Qg5+ Kh8 23. Qf6+ Kg8 24. Qg5+ Kh8 25. Qf6+ 1/2-1/2

[Event "London Classic Open 2015"]
[Site "London ENG"]
[Date "2015.12.11"]
[Round "9.75"]
[White "Burke, John S"]
[Black "Shepley, Julien M"]
[Result "1-0"]
[WhiteElo "2049"]
[BlackElo "1968"]
[WhiteFideId "404322"]
[BlackFideId "403210"]
[EventDate "2015.12.04"]

1. f4 Nh6 2. e4 e5 3. d4 exd4 4. Nf3 Nc6 5. Nxd4 g6 6. Bc4 Bg7 7. Nf3 Qe7 8. Qe2
a6 9. Nc3 Nd4 10. Nxd4 Bxd4 11. Nd5 Qd8 12. c3 Bg7 13. O-O c6 14. Ne3 d6 15. Bb3
b5 16. a4 Bd7 17. Qd3 Be6 18. Bxe6 fxe6 19. axb5 axb5 20. Rxa8 Qxa8 21. Qxd6 Qc8
22. f5 Nf7 23. Qg3 Be5 24. Qg4 exf5 25. exf5 g5 26. Qh5 Qc7 27. Ng4 h6 28. Re1
Kf8 29. Nxe5 Nxe5 30. Bxg5 Nf7 31. Be7+ Qxe7 32. Rxe7 Kxe7 33. Qg6 Re8 34. Qxc6
Kf8 35. Qxb5 Re1+ 36. Kf2 Re5 37. Qb8+ Kg7 38. g4 h5 39. h3 Kf6 40. Qb6+ 1-0